<?xml version="1.0" encoding="UTF-8"?><?xml-stylesheet type="text/xsl" href="static/style.xsl"?><OAI-PMH xmlns="http://www.openarchives.org/OAI/2.0/" xmlns:xsi="http://www.w3.org/2001/XMLSchema-instance" xsi:schemaLocation="http://www.openarchives.org/OAI/2.0/ http://www.openarchives.org/OAI/2.0/OAI-PMH.xsd"><responseDate>2026-04-27T18:34:42Z</responseDate><request verb="GetRecord" identifier="oai:riubu.ubu.es:10259/8708" metadataPrefix="marc">https://riubu.ubu.es/oai/request</request><GetRecord><record><header><identifier>oai:riubu.ubu.es:10259/8708</identifier><datestamp>2024-02-22T11:54:37Z</datestamp><setSpec>com_10259_6394</setSpec><setSpec>com_10259_5086</setSpec><setSpec>com_10259_2604</setSpec><setSpec>col_10259_8706</setSpec></header><metadata><record xmlns="http://www.loc.gov/MARC21/slim" xmlns:doc="http://www.lyncode.com/xoai" xmlns:xsi="http://www.w3.org/2001/XMLSchema-instance" xmlns:dcterms="http://purl.org/dc/terms/" xsi:schemaLocation="http://www.loc.gov/MARC21/slim http://www.loc.gov/standards/marcxml/schema/MARC21slim.xsd">
<leader>00925njm 22002777a 4500</leader>
<datafield tag="042" ind1=" " ind2=" ">
<subfield code="a">dc</subfield>
</datafield>
<datafield tag="720" ind1=" " ind2=" ">
<subfield code="a">Andrés López, Gonzalo</subfield>
<subfield code="e">author</subfield>
</datafield>
<datafield tag="260" ind1=" " ind2=" ">
<subfield code="c">2016</subfield>
</datafield>
<datafield tag="520" ind1=" " ind2=" ">
<subfield code="a">Los mapas antiguos han sido una herramienta&#xd;
básica para la Geografía, como útil didáctico y&#xd;
como elemento de síntesis en el análisis histórico&#xd;
de los territorios, que los geógrafos hemos utilizado&#xd;
habitualmente. Sin embargo, el incremento de mapas&#xd;
de este tipo accesibles en internet y la popularización&#xd;
de herramientas SIG para desarrollar su análisis&#xd;
han alterado las formas de trabajo tradicionales.&#xd;
La posibilidad de georreferenciar mapas antiguos&#xd;
e interrelacionarlos geométricamente con otras&#xd;
cartografías ha abierto nuevos caminos para la&#xd;
investigación. Desde esta perspectiva, a partir&#xd;
del análisis de la revolución que ha supuesto&#xd;
la georreferenciación en las cartotecas online,&#xd;
esta contribución plantea algunas pautas para&#xd;
georreferenciar mapas antiguos en los dos SIG de&#xd;
código abierto más populares: QGIS y gvSIG. Se&#xd;
pretende con ello reflexionar sobre la relevancia de&#xd;
la georreferenciación como herramienta útil para&#xd;
contextualizar los mapas antiguos y obtener datos de&#xd;
ellos, poniendo en valor el patrimonio cartográfico.</subfield>
</datafield>
<datafield tag="520" ind1=" " ind2=" ">
<subfield code="a">Geographers have widely relied on old maps as&#xd;
didactic devices and as elements of synthesis in the&#xd;
historical analysis of given territories. However, the&#xd;
recent generalization of immediate access to this type&#xd;
of cartographic representation in digital repositories,&#xd;
and the popularization of geographic information&#xd;
technologies through open access tools have altered&#xd;
the traditional focus. The possibility of georeferencing&#xd;
old maps and interrelating them with other cartographies&#xd;
has opened up new roads for research. Acknowledging&#xd;
the methodological revolution encouraged by&#xd;
georeferencing online map libraries, the article proposes&#xd;
basic guidelines with which to georeference old maps in&#xd;
the most popular open source Geographic Information&#xd;
Systems (GIS): QGIS and gvSIG. The object is to reflect&#xd;
on the relevance of georeferencing as a useful tool&#xd;
to contextualize old maps and obtain better data from&#xd;
them, valorising cartographic heritage.</subfield>
</datafield>
<datafield tag="024" ind2=" " ind1="8">
<subfield code="a">978-84-416-3802-0</subfield>
</datafield>
<datafield tag="024" ind2=" " ind1="8">
<subfield code="a">http://hdl.handle.net/10259/8708</subfield>
</datafield>
<datafield ind1=" " ind2=" " tag="653">
<subfield code="a">Mapas antiguos</subfield>
</datafield>
<datafield ind1=" " ind2=" " tag="653">
<subfield code="a">Georreferenciación</subfield>
</datafield>
<datafield ind1=" " ind2=" " tag="653">
<subfield code="a">Cartotecas online</subfield>
</datafield>
<datafield ind1=" " ind2=" " tag="653">
<subfield code="a">Sistemas de Información Geográfica Online (SIG Online)</subfield>
</datafield>
<datafield ind1=" " ind2=" " tag="653">
<subfield code="a">Código abierto</subfield>
</datafield>
<datafield ind1=" " ind2=" " tag="653">
<subfield code="a">Old maps</subfield>
</datafield>
<datafield ind1=" " ind2=" " tag="653">
<subfield code="a">Georeference</subfield>
</datafield>
<datafield ind1=" " ind2=" " tag="653">
<subfield code="a">Online map libraries</subfield>
</datafield>
<datafield ind1=" " ind2=" " tag="653">
<subfield code="a">Geographic Information Systems (GIS)</subfield>
</datafield>
<datafield ind1=" " ind2=" " tag="653">
<subfield code="a">Open source</subfield>
</datafield>
<datafield tag="245" ind1="0" ind2="0">
<subfield code="a">Sobre la georreferenciación de mapas antiguos: cartotecas online y SIG de código abierto</subfield>
</datafield>
</record></metadata></record></GetRecord></OAI-PMH>